<?xml version="1.0" encoding="UTF-8"?>
<collection xmlns="http://www.loc.gov/MARC21/slim">
 <record>
  <leader>02789nam a22002651a 4500</leader>
  <controlfield tag="001">1/46781</controlfield>
  <controlfield tag="008">161110s1968    gr de         00110 gre  </controlfield>
  <datafield tag="035" ind1=" " ind2=" ">
   <subfield code="l">49760</subfield>
  </datafield>
  <datafield tag="040" ind1=" " ind2=" ">
   <subfield code="a">GR-PeUP</subfield>
  </datafield>
  <datafield tag="082" ind1="0" ind2="0">
   <subfield code="a">623.81 ΦΡΑ</subfield>
  </datafield>
  <datafield tag="100" ind1="1" ind2=" ">
   <subfield code="a">Φραγκούλης , Βασίλειος Ε.</subfield>
  </datafield>
  <datafield tag="245" ind1="1" ind2="2">
   <subfield code="a">Η τεχνική του πλοίου :</subfield>
   <subfield code="b">τ. 3. λέβητες και βοηθητικά μηχανήματα/</subfield>
   <subfield code="c">Βασ. Ε. Φραγκούλης.</subfield>
  </datafield>
  <datafield tag="250" ind1=" " ind2=" ">
   <subfield code="a">2α εκδ.</subfield>
  </datafield>
  <datafield tag="260" ind1="0" ind2=" ">
   <subfield code="a">Αθήνα:</subfield>
   <subfield code="b">[χ.ε.],</subfield>
   <subfield code="c">1968.</subfield>
  </datafield>
  <datafield tag="300" ind1=" " ind2=" ">
   <subfield code="a">τ. 3. κβ, 746 σ. :</subfield>
   <subfield code="b">διαγ. ;</subfield>
   <subfield code="c">25 εκ.</subfield>
  </datafield>
  <datafield tag="500" ind1=" " ind2=" ">
   <subfield code="a">τ. 3: Μέρος πρώτον Ναυτικοί ατμολέβητες: Περιγραφή λεβήτων. Καύσιμα και καύσις. Ελκυσμός. Εγκαταστάσεις καύσεως. Υλικά κατασκευής και καρφώσεις λεβήτων. Λεπτομέρειαι κατασκευής λεβήτων. Υπολογισμός διαστάσεων λέβητος. Εξαρτήματα λεβήτων. Δοκιμαί και επιθεωρήσεις ατμολεβήτων. διαβρώσεις και συντήρησις λεβήτων. Τα κατά την λειτουργίαν και βλάβαι λεβήτων. Υπερθερμαντήρες ατμού. Στοιχεία ρυθμίσεως ατμολεβήτων. Μέρος δεύτερον Βοηθητικά μηχανήματα και σωληνώσεις: Εμβολοφόροι αντλίαι. Κεντρόφυγες αντλίαι. Το ψυγείον και αι αντλίαι του ψυγείου. Αντλίαι και συσκευαί τροφοδοτικού ύδατος. Αντλίαι και συσκευαί πετρελαίου και ελαίου λιπάνσεως. Μηχανήματα εκβολής τέφρας. Συσκευαί και μηχανήματα καυσιγόνου αέρος. Σωληνώσεις. Αντλίαι και σωληνώσεις σκάφους. Μέρος τρίτον Βοηθητικά μηχανήματα σκάφους: Το μηχάνημα του πηδάλιου. Βαρούλκα και εργάται. Ψυκτικαί μηχαναί.</subfield>
  </datafield>
  <datafield tag="504" ind1=" " ind2=" ">
   <subfield code="a">Περιέχει ευρετήριο και δίγλωσσο λεξιλόγιο.</subfield>
  </datafield>
  <datafield tag="650" ind1=" " ind2="4">
   <subfield code="a">Πλοία.</subfield>
  </datafield>
  <datafield tag="650" ind1=" " ind2="4">
   <subfield code="a">Ναυπηγική.</subfield>
  </datafield>
  <datafield tag="650" ind1=" " ind2="4">
   <subfield code="a">Ναυτικές μηχανές.</subfield>
  </datafield>
  <datafield tag="650" ind1=" " ind2="4">
   <subfield code="a">Ατμολέβητες.</subfield>
  </datafield>
  <datafield tag="650" ind1=" " ind2="4">
   <subfield code="a">Αντλίες.</subfield>
  </datafield>
  <datafield tag="650" ind1=" " ind2="4">
   <subfield code="a">Σωληνώσεις.</subfield>
  </datafield>
  <datafield tag="650" ind1="1" ind2="4">
   <subfield code="a">Βαρούλκα.</subfield>
  </datafield>
  <datafield tag="852" ind1=" " ind2=" ">
   <subfield code="a">INST</subfield>
   <subfield code="b">UNIPILB</subfield>
   <subfield code="c">MAIN</subfield>
   <subfield code="e">20161110</subfield>
   <subfield code="h">623.81 ΦΡΑ</subfield>
   <subfield code="p">00176465</subfield>
   <subfield code="q">00176465</subfield>
   <subfield code="t">LOAN</subfield>
   <subfield code="y">0</subfield>
   <subfield code="4">1</subfield>
  </datafield>
 </record>
</collection>
